| 000 | 00587pam a2200193 i 4500 | ||
|---|---|---|---|
| 020 | _a0690017723 : | ||
| 082 | 0 | 0 |
_a621.38416 _bRAD _cL-11P-28, |
| 100 | 1 |
_aCollins, A. Frederick _941651 |
|
| 245 | 1 | 4 |
_aThe radio amateur's handbook / _cA. Frederick Collins ; rev. by Robert Hertzberg. |
| 250 | _a14th rev. ed. | ||
| 260 |
_aNew York : _bCrowell, _cc1979. |
||
| 300 |
_a375 p. : _bill. ; _c22 cm. |
||
| 500 | _aIncludes index. | ||
| 526 |
_a0 _b0 _c0 _d621_384160000000000_RAD |
||
| 650 | 0 |
_aMCE _9379 |
|
| 650 | 0 | _aRadio | |
| 700 | 1 |
_aHertzberg, Robert Edward, _941652 |
|
| 942 |
_2ddc _cBK |
||
| 999 |
_c545702 _d545702 |
||